[Event "USA tt"]
[Site "ICC INT"]
[Date "2005.11.02"]
[Round "10"]
[White "Hoekstra, Matthew"]
[Black "Zaremba, Andrie"]
[Result "0-1"]
[WhiteElo "2363"]
[BlackElo "2316"]
[PlyCount "60"]
[EventDate "2005.10.05"]
[EventType "team"]
[EventRounds "10"]
[EventCountry "USA"]
[SourceTitle "CBM 108 Extra"]
[Source "ChessBase"]
[SourceDate "2005.11.04"]
[SourceVersion "1"]
[SourceVersionDate "2005.11.04"]
[SourceQuality "1"]

1. d4 d5 2. c4 c6 3. cxd5 cxd5 4. Nc3 Nf6 5. Nf3 Nc6 6. Bf4 e6 7. e3 Bd6 8. Ne5 0-0 9. Bd3 Bxe5 10. dxe5 Nd7 11. Qg4 Ndxe5 12. Bxe5 Nxe5 13. Bxh7+ Kxh7 14. Qh5+ Kg8 15. Qxe5 Qb6 16. 0-0-0 Bd7 17. Rd4 f6 18. Qh5 Be8 19. Qh3 Rc8 20. f4 Bg6 21. Rhd1 Rc7 22. e4 Bxe4 23. f5 Bxf5 24. g4 Bg6 25. Qg3 Rfc8 26. g5 fxg5 27. h4 Qa5 28. Kd2 e5 29. Qxe5 Rxc3 30. bxc3 Qxc3+ 0-1